000
00297cam a2200097u 4500
008
820607s1934 ksua 000 0 eng
100
1
_a
Burns, Al. [from old catalog]
245
1
4
_a
The essentials of stamp collecting,
260
_a
Holton, Kan.,
_b
The Gossip printery,
_c
1934.
650
0
_a
Stamp collecting.
999
_c
3536
_d
3536